000
00302nam a22001337a 4500
008
170323b xxu||||| |||| 00| 0 eng d
020
_a
9780721669083
041
_a
eng
080
_2
5 ED
_a
616.9
100
_a
8
101
_a
SHM
245
_a
THE MEDICAL MANAGEMENT AIDS
_c
SANDE,M,A
942
_2
udc
_c
BK
999
_c
8420
_d
8420